Дело о службе состоявшего при санкт-петербургских театрах, переведенного к московским театрам машиниста Фридриха Вальца

Доступно только в Электронных читальных залах Найти на картеНа карте
RUSMARC
00003774nmc2a22000003x 450
001864d3390-f6a2-47e3-a7e4-04d876422e20
00520181221231100.0
100##$a20170627l18451856k l0rusy0189 ca
1010#$arus
102##$aRU
2001#$aДело о службе состоявшего при санкт-петербургских театрах, переведенного к московским театрам машиниста Фридриха Вальца
$j7 апреля 1845 г. - 18 ноября 1856 г.
251##$cДело
300##$aПо Санкт-Петербургской дирекции за 1845 год
300##$aДело
801#0$aRU
$bРГИА
$c20170627
$gRCR
801#1$aRU
$bГлавНИВЦ
$c20170627
$2rusmarc
801#2$aRU
$bПБ им. Б.Н. Ельцина
$c20181221
$gRCR
$2rusmarc
850##$aРГИА
852##$aРГИА
$eФедеральное казенное учреждение "Российский государственный исторический архив" (РГИА)
$j10198
937##$hРГИА
$d12245250
$aASBIBLIO_SCAN
462#0$1001dd3991dc-24e1-42ec-8838-ca4255420416
$12001
$a1746-1850 гг.
$1251
$cОпись
$1852
$j1
461#0$10019264ebf8-de62-4f1a-9eb4-9f22098dbbd5
$12001
$aДирекция императорских театров МИДв
$1251
$cФонд
$1852
$j497
215##$a105 л.
$d36,5х26 см
371##$aДокумент не является опубликованным и широко распространяемым
105##$ay###
1222#$ad
035##$a864d3390-f6a2-47e3-a7e4-04d876422e20
856##$uhttp://readingroom.main.prlib.ru/item.aspx?id_node=n122207075&mode=full
Формат отображения